| 000 | 00522nam a2200157Ia 4500 | ||
|---|---|---|---|
| 008 | 210716s1995 xx 000 0 und d | ||
| 020 | _a0256131643 | ||
| 041 | _aeng | ||
| 082 | _a658.4 COHA | ||
| 100 | _aCohen, Allan R;Fink, Stephen L;Gadon, Herman;Josefowitz, Natasha. | ||
| 245 |
_aEffective behavior in organizations: cases, concepts and student experiences. _bCases, concepts and student experiences. |
||
| 250 | _a6 | ||
| 260 |
_aNew York _bIrwin _c1995 |
||
| 300 | _axvi,702 | ||
| 650 | _aOrganisational Behavior | ||
| 999 |
_c203071 _d203071 |
||